| 000 | 03117nam a2200325 i 4500 | ||
|---|---|---|---|
| 003 | CSPC | ||
| 005 | 20260421151914.0 | ||
| 007 | ta | ||
| 008 | 231120s2021 ph a m 000 0beng | ||
| 040 |
_aCSPC _beng _cCSPC _erda |
||
| 090 | _aUTH BSOA M79e 2021 | ||
| 100 | 1 |
_aMora, Emily G., _dauthor. |
|
| 245 | 1 | 4 |
_aThe effect of pandemic on the psychosocial health of third year students, Bachelor of Science in Office Administration of Camarines Sur Polytechnic Colleges Buhi Campus S/Y 2021-2022 / _cEmily G. Mora, Christine Joy C. Clerigo, and Michelle L. Adolacion. |
| 260 |
_aBuhi Camarines Sur : _bCamarines Sur Polytechnic Colleges, _c2021. |
||
| 300 | _a93 leaves. | ||
| 336 |
_2rdacontent _atext |
||
| 337 |
_2rdamedia _aunmediated |
||
| 338 |
_2rdacarrier _avolume |
||
| 502 |
_aUndergraduate Thesis (BSOA)- Office Administration. _cCamarines Sur Polytechnic Colleges, 2021. |
||
| 504 | _aIncludes bibliographical references. | ||
| 520 | 3 | _aThis study arrived to determine the profile and the challenges encountered by the respondents during the pandemic in terms of Family, School, and Environment. The effect of these challenges to psychosocial health of the Bachelor of Science in Office Administration Students and the measures to cope on it. Based from the findings what recommendation may be proposed to help the respondents deal with their psychological health. The Age of the respondents ranged from 19 to 30 years old. 19-21 years old respondents accounted to 15 individuals or 53.33 % having the highest number of respondents. Female had the higher number of individuals having 24 or 80% whereas male led had 6 or 20% individuals. All respondents are single according to their civil status and 100% of respondents are Roman Catholic. The highest number of individuals who says their income is below 5,000 are 26 or 86.67% whereas 2 individuals has a monthly income of 15,001-20,000. The conclusions of this study were identified that: 2) that the number one challenges of students encountered in terms of family is the Loss of Job Parents with a weighted mean of 3.43 and interpreted as Highly Affecting; in school, the number one challenges that encountered by the respondents during the pandemic is having no enough load for online class with a weighted mean of 3.52 and interpreted as Highly Affecting; in environment the number one challenges that encountered by the students are both noisy neighborhood and increase cases of Covid-19 pandemic with a weighted mean of 3.10and verbally interpreted as Moderately affecting. 3) Stress is the number one effect of pandemic to psychosocial health of students with weighted mean average of 3.57and was verbally interpreted as Highly Affecting. | |
| 700 | 1 |
_aClerigo, Christian Joy C., _eauthor. |
|
| 700 | 1 |
_aAdolacion, Michelle L., _eauthor. |
|
| 720 | 1 |
_aOliveros, Josefin N., _eadviser. |
|
| 720 | 1 |
_aInfante, Leonisa O., _epanelist, chair. |
|
| 720 | 1 |
_aRosal, Jhomer I., _epanelist. |
|
| 720 | 1 |
_aSecundo, Rey O., _epanelist. |
|
| 942 |
_2ddc _n0 _cUM _hM79e _iBSOA _kUTH _m2021 |
||
| 999 |
_c26571 _d26571 |
||